U.S. President by Term - Statistics

General Stats
  • This quiz has been taken 101 times
  • The average score is 15 of 20
Answer Stats
Term President % Correct
2009–2017 Barack Obama
98%
1981-1989 Ronald Reagan
94%
1953-1961 Dwight D. Eisenhower
85%
1963-1969 Lyndon B. Johnson
85%
1993-2001 Bill Clinton
83%
1974-1977 Gerald R. Ford
83%
1869-1877 Ulysses S. Grant
81%
1921-1923 Warren G. Harding
80%
1801-1809 Thomas Jefferson
78%
1861-1865 Abraham Lincoln
72%
1897-1901 William McKinley
72%
1881 James A. Garfield
70%
1913-1921 Woodrow Wilson
67%
1829-1837 Andrew Jackson
65%
1945-1953 Harry S. Truman
63%
1850-1853 Millard Fillmore
63%
1817-1825 James Monroe
59%
1845-1849 James K. Polk
54%
1889-1893 Benjamin Harrison
52%
1841-1845 John Tyler
50%
No matching quizzes found
Score Distribution
Percent of People with Each Score
Percentile by Number Answered
Your Score History
You have not taken this quiz